[Event "Ì13Â"]
[Site "Loo"]
[Date "2017.04.23"]
[Round "4.25"]
[White "Ïàíüêîâ, Äàíèèë."]
[Black "Òåðçÿí, Íàçàð."]
[Result "0-1"]
[WhiteElo "1764"]
[BlackElo "1715"]
[PlyCount "86"]
[EventDate "2017.04.20"]

1. e4 c5 2. Nc3 e6 3. f4 d5 4. Bb5+ Bd7 5. exd5 Bxb5 6. Nxb5 a6 7. dxe6 axb5 8.
exf7+ Kxf7 9. Nf3 Nf6 10. Qe2 Qe8 11. Ne5+ Kg8 12. a4 Bd6 13. b3 Nc6 14. Bb2
Nd4 15. Bxd4 cxd4 16. O-O g6 17. Qf3 Kg7 18. Qxb7+ Qe7 19. Qxb5 Rhb8 20. Qd3
Bxe5 21. Rae1 Ra5 22. Re2 Qd6 23. fxe5 Rxe5 24. Rfe1 Rbe8 25. c3 Rxe2 26. Rxe2
Rxe2 27. Qxe2 dxc3 28. dxc3 Qc5+ 29. Kf1 Qxc3 30. Qc4 Qa1+ 31. Kf2 Qb2+ 32. Kf1
Qe5 33. Qe2 Qf5+ 34. Kg1 Qb1+ 35. Kf2 Ne4+ 36. Ke3 Nd6 37. Qd3 Nf5+ 38. Ke4
Qe1+ 39. Kd5 Qb4 40. Qb5 Qd6+ 41. Ke4 Qd4+ 42. Kf3 Qe3+ 43. Kg4 h5# 0-1

[Event "Ì13Â"]
[Site "Loo"]
[Date "2017.04.23"]
[Round "4.26"]
[White "Ìîðîçîâ, Ãåííàäèé."]
[Black "Ñìèðíîâ, Ìàðê."]
[Result "1-0"]
[WhiteElo "1738"]
[BlackElo "1786"]
[PlyCount "55"]
[EventDate "2017.04.20"]

1. d4 Nf6 2. c4 e6 3. Nc3 Bb4 4. e3 b6 5. Nge2 Bb7 6. f3 d5 7. a3 Bxc3+ 8. Nxc3
O-O 9. Bd3 dxc4 10. Bxc4 c5 11. dxc5 Qxd1+ 12. Kxd1 Rd8+ 13. Ke2 bxc5 14. Bd2
Nc6 15. Rhd1 Ne5 16. Bb5 a6 17. f4 axb5 18. fxe5 Nd5 19. Ne4 Nf4+ 20. exf4 Bxe4
21. Be3 c4 22. Rd6 Rxd6 23. exd6 Rd8 24. Bc5 Bxg2 25. a4 bxa4 26. Rxa4 Bc6 27.
Ra6 Rc8 28. Rxc6 1-0

[Event "Ä15Ï"]
[Site "Loo"]
[Date "2017.04.23"]
[Round "4.1"]
[White "Ñòðóêîâà, Êñåíèÿ."]
[Black "Ãðóíèíà, Ìàðãàðèòà."]
[Result "0-1"]
[WhiteElo "1762"]
[BlackElo "1678"]
[PlyCount "128"]
[EventDate "2017.04.20"]

1. e4 c5 2. Nf3 g6 3. d4 cxd4 4. Nxd4 Bg7 5. Nc3 Nc6 6. Be3 Nf6 7. Bc4 O-O 8.
Bb3 Re8 9. O-O d6 10. h3 Na5 11. Qe2 a6 12. Rad1 Bd7 13. Rfe1 Rc8 14. f4 Qc7
15. Nf3 Nxb3 16. cxb3 Bc6 17. Bf2 b5 18. a4 Qb7 19. axb5 axb5 20. b4 Nd7 21.
Bd4 e5 22. fxe5 dxe5 23. Bf2 Nf6 24. Ra1 Ra8 25. Rxa8 Qxa8 26. Nxb5 Qb8 27. Na7
Bxe4 28. b5 Qb7 29. b6 Bd5 30. Qe3 Ne4 31. Rc1 Nxf2 32. Kxf2 e4 33. Nd2 f5 34.
g3 Bxb2 35. Rc7 Qa6 36. b7 Bf7 37. Rxf7 Kxf7 38. Qb3+ Qe6 39. b8=Q Rxb8 40.
Qxb8 e3+ 41. Ke2 exd2+ 42. Kxd2 Be5 43. Qb7+ Qe7 44. Qd5+ Kf6 45. Nc6 Qd6 46.
Qxd6+ Bxd6 47. Ke2 Bxg3 48. Kf3 f4 49. Nb4 Kg5 50. Nd5 Kh4 51. Kg2 f3+ 52. Kxf3
Kxh3 53. Nf6 h5 54. Nd5 g5 55. Nf6 g4+ 56. Ke2 Kg2 57. Nxh5 Be5 58. Ke3 Kh3 59.
Kf2 Kh4 60. Ng3 Bxg3+ 61. Kg2 Bd6 62. Kg1 Kh3 63. Kh1 g3 64. Kg1 g2 0-1

[Event "Ä15Ï"]
[Site "Loo"]
[Date "2017.04.23"]
[Round "4.2"]
[White "Íàñûáóëëèíà, Äàÿíà."]
[Black "Øóáèíà, Åêàòåðèíà."]
[Result "0-1"]
[WhiteElo "1786"]
[BlackElo "1692"]
[PlyCount "182"]
[EventDate "2017.04.20"]

1. e4 e5 2. Nf3 Nc6 3. Nc3 Nge7 4. g3 Ng6 5. Bg2 Be7 6. O-O h6 7. Nd5 d6 8. h3
Be6 9. d4 Qd7 10. Nxe7 Ncxe7 11. g4 f6 12. d5 Bf7 13. Nd2 Nf4 14. Re1 h5 15.
Nf1 Rh7 16. Ng3 O-O-O 17. Bxf4 exf4 18. Nxh5 Bxh5 19. gxh5 Rdh8 20. Bf3 Kb8 21.
Bg4 Qe8 22. Qf3 g6 23. Qxf4 gxh5 24. Bf5 Rg7+ 25. Kh1 Nxf5 26. Qxf5 Rf8 27. Rg1
Rg5 28. Qf4 Re5 29. f3 f5 30. Rg5 fxe4 31. Rxe5 dxe5 32. Qxe4 Rf4 33. Qe2 Qd7
34. Kh2 Qxd5 35. Rd1 Rd4 36. Rxd4 Qxd4 37. c3 Qf4+ 38. Kg2 h4 39. Qf2 a6 40. a3
Kc8 41. Kg1 b6 42. Qe2 Kb7 43. Qe4+ Qxe4 44. fxe4 Kc6 45. Kf2 Kc5 46. b3 a5 47.
a4 b5 48. axb5 Kxb5 49. Ke3 a4 50. bxa4+ Kxa4 51. Kf3 Kb3 52. Kg4 Kxc3 53. Kxh4
Kd4 54. Kg4 c5 55. h4 c4 56. h5 c3 57. h6 c2 58. h7 c1=Q 59. h8=Q Qf4+ 60. Kh3
Qf3+ 61. Kh2 Kxe4 62. Qa8+ Kf4 63. Qf8+ Ke3 64. Qc5+ Ke4 65. Qc4+ Kf5 66. Qf7+
Kg4 67. Qg7+ Kf4 68. Qf7+ Ke3 69. Qa7+ Ke2 70. Qa2+ Kf1 71. Qb1+ Kf2 72. Qg1+
Ke2 73. Qg8 e4 74. Qa2+ Kf1 75. Qa1+ Kf2 76. Qg1+ Ke2 77. Qg8 Qf2+ 78. Kh3 Qf3+
79. Kh2 e3 80. Qa2+ Kf1 81. Qb1+ Kf2 82. Qg1+ Ke2 83. Qg8 Qf4+ 84. Kg2 Qf2+ 85.
Kh3 Kf1 86. Qd5 Ke1 87. Qa5+ Qd2 88. Qa1+ Qd1 89. Qc3+ Kf2 90. Qb2+ Qe2 91. Qd4
Qh5+ 0-1

[Event "Ä15Ï"]
[Site "Loo"]
[Date "2017.04.23"]
[Round "4.3"]
[White "Êîìáàð, Ìàðèÿ."]
[Black "Êîðîáèöûíà, Îëåñÿ."]
[Result "1-0"]
[WhiteElo "1528"]
[BlackElo "1769"]
[PlyCount "179"]
[EventDate "2017.04.20"]

1. e4 e5 2. Nf3 Nc6 3. Bb5 a6 4. Ba4 Nf6 5. O-O d6 6. Re1 b5 7. Bb3 Be7 8. c3
Na5 9. Bc2 c5 10. d4 Nc6 11. dxe5 dxe5 12. Qxd8+ Bxd8 13. Be3 Be7 14. h3 O-O
15. Nbd2 c4 16. b3 cxb3 17. Nxb3 Nd7 18. Rad1 Rd8 19. Rd5 Bb7 20. Red1 Nf6 21.
Rxd8+ Rxd8 22. Rxd8+ Bxd8 23. Nc5 Bc8 24. a4 Ba5 25. axb5 axb5 26. Bd2 Bb6 27.
Be3 Ne8 28. Bb3 Ba5 29. c4 bxc4 30. Bxc4 Nc7 31. Ng5 Nd8 32. Nf3 Bc3 33. Na4
Ba1 34. Nd2 Bd7 35. Nb3 Bxa4 36. Nxa1 Nc6 37. Nb3 Bxb3 38. Bxb3 Nb5 39. Ba4
Ncd4 40. Bxb5 Nxb5 41. Kf1 Nd6 42. f3 Nc4 43. Ke2 Nxe3 44. Kxe3 Kf8 45. f4 f6
46. fxe5 fxe5 47. Kf3 Kf7 48. h4 Kf6 49. g4 Kg6 50. Ke3 h5 51. g5 Kf7 52. Kd3
Ke6 53. Kc4 Kd6 54. Kb5 Kd7 55. Kc5 Ke6 56. Kc6 g6 57. Kc5 Ke7 58. Kd5 Kd7 59.
Kxe5 Ke7 60. Kd5 Kd7 61. e5 Ke7 62. e6 Ke8 63. Kd6 Kd8 64. e7+ Ke8 65. Kd5 Kxe7
66. Ke5 Kf7 67. Kd6 Kf8 68. Ke6 Kg7 69. Ke7 Kg8 70. Kf6 Kh7 71. Kf7 Kh8 72.
Kxg6 Kg8 73. Kxh5 Kg7 74. g6 Kg8 75. Kh6 Kh8 76. g7+ Kg8 77. h5 Kf7 78. Kh7 Ke6
79. g8=Q+ Ke5 80. Qf7 Kd4 81. Qe6 Kc5 82. Qd7 Kc4 83. Qd6 Kc3 84. Kg6 Kc4 85.
h6 Kc3 86. h7 Kc4 87. h8=R Kc3 88. Rc8+ Kb3 89. Qb6+ Ka4 90. Ra8# 1-0

[Event "Ä15Ï"]
[Site "Loo"]
[Date "2017.04.23"]
[Round "4.4"]
[White "Ïè÷íåíêî, Íèíà."]
[Black "Êóäðÿâöåâà, Ìàðèÿ."]
[Result "0-1"]
[WhiteElo "1507"]
[BlackElo "1758"]
[PlyCount "74"]
[EventDate "2017.04.20"]

1. e4 e6 2. d4 d5 3. exd5 exd5 4. Bd3 Nf6 5. Nf3 Bd6 6. h3 O-O 7. O-O Re8 8. c4
dxc4 9. Bxc4 Be6 10. b3 c6 11. Nc3 b5 12. Bxe6 Rxe6 13. Bg5 b4 14. Ne2 Qc7 15.
Rc1 Nbd7 16. d5 Nxd5 17. Ned4 Rg6 18. Nxc6 Nc3 19. Ne7+ Bxe7 20. Bxe7 Re6 21.
Re1 Rxe1+ 22. Nxe1 Ne2+ 23. Qxe2 Qxc1 24. Bxb4 Nf6 25. Kh2 Qf4+ 26. g3 Qxb4 27.
Qf3 Re8 28. Nc2 Qe4 29. Qc3 Qf5 30. Ne3 Qxf2+ 31. Ng2 h6 32. Qc1 Re2 33. Qh1
Ne4 34. Qg1 Qxg3+ 35. Kh1 Nf2+ 36. Qxf2 Qxf2 37. Kh2 Qxg2# 0-1

[Event "Ä15Ï"]
[Site "Loo"]
[Date "2017.04.23"]
[Round "4.5"]
[White "Ñàôðîíîâà, Àëåêñàíäðà."]
[Black "Ôàéðóçîâà, Çóëüôèÿ."]
[Result "1-0"]
[WhiteElo "1749"]
[BlackElo "1677"]
[PlyCount "117"]
[EventDate "2017.04.20"]

1. e4 c6 2. d4 d5 3. Nc3 dxe4 4. Nxe4 Bf5 5. Ng3 Bg6 6. h4 h6 7. Nf3 Nd7 8. h5
Bh7 9. Bd3 Bxd3 10. Qxd3 Ngf6 11. Bf4 e6 12. O-O-O Nd5 13. Bd2 Qc7 14. c4 N5f6
15. Ne4 Nxe4 16. Qxe4 Nf6 17. Qe2 O-O-O 18. g3 c5 19. Bc3 Be7 20. Ne5 Bd6 21.
f4 Rhe8 22. Kb1 Kb8 23. g4 Nh7 24. Qe4 Nf8 25. dxc5 Bxc5 26. b4 Qb6 27. Kc2
Bxb4 28. Bxb4 Qxb4 29. Nc6+ bxc6 30. Rb1 a5 31. Rxb4+ axb4 32. Qxc6 e5 33. Qb5+
Kc8 34. fxe5 Ne6 35. Qc6+ Kb8 36. Qb6+ Ka8 37. Rd1 Rxd1 38. Kxd1 Rd8+ 39. Kc1
Rc8 40. Qxb4 Ka7 41. a4 Rc7 42. a5 Rb7 43. Qd6 Rc7 44. Qb6+ Ka8 45. Qa6+ Kb8
46. Qb5+ Ka7 47. Qb6+ Ka8 48. Qa6+ Kb8 49. Qd6 Ka7 50. Kd2 Kb7 51. a6+ Ka7 52.
Kc3 Rc8 53. Qd7+ Rc7 54. Qd6 Rc8 55. Kb4 Rb8+ 56. Ka5 Nd8 57. Qc7+ Ka8 58. a7
Rb7 59. Qxd8+ 1-0

[Event "Ä15Ï"]
[Site "Loo"]
[Date "2017.04.23"]
[Round "4.6"]
[White "Íèêîëàåâà, Êñåíèÿ."]
[Black "Ëûñîêîíü, Ïîëèíà."]
[Result "1-0"]
[WhiteElo "1743"]
[BlackElo "1610"]
[PlyCount "77"]
[EventDate "2017.04.20"]

1. e4 e6 2. d4 d5 3. Bd3 dxe4 4. Bxe4 Nf6 5. Bf3 c6 6. Ne2 Bd6 7. O-O O-O 8.
Nbc3 Nbd7 9. Bg5 Qc7 10. g3 e5 11. d5 cxd5 12. Nxd5 Nxd5 13. Bxd5 Nb6 14. Bg2
Bf5 15. Nc3 h6 16. Bxh6 gxh6 17. Nb5 Qxc2 18. Nxd6 Rad8 19. Qxc2 Bxc2 20. Nxb7
Rd2 21. b3 e4 22. Nc5 f5 23. Ne6 Re8 24. Nf4 Nd7 25. Rfe1 Ne5 26. Rac1 Bd3 27.
a4 Bc2 28. b4 Bxa4 29. Rc7 Rd7 30. Rc5 a6 31. Nh5 Re6 32. Rc8+ Kf7 33. Rec1 Rc6
34. R8xc6 Nxc6 35. Bh3 Rd5 36. Nf4 Rb5 37. Rxc6 Rxb4 38. Rc7+ Kf6 39. Nd5+ 1-0

[Event "Ä15Ï"]
[Site "Loo"]
[Date "2017.04.23"]
[Round "4.7"]
[White "Ñëåñàðåâà, Ìèðàñëàâà."]
[Black "Øàìñóòäèíîâà, Êàðèíà."]
[Result "0-1"]
[WhiteElo "1725"]
[BlackElo "1617"]
[PlyCount "80"]
[EventDate "2017.04.20"]

1. d4 Nf6 2. Nc3 d5 3. Bg5 e6 4. e4 Be7 5. Bxf6 Bxf6 6. Nf3 O-O 7. Qd2 a6 8. a4
a5 9. h3 b6 10. e5 Be7 11. O-O-O Bb4 12. g4 Bd7 13. Bd3 g6 14. Qh6 Qe7 15. h4
f6 16. Rdf1 Qg7 17. Qe3 c5 18. Na2 cxd4 19. Qe2 Nc6 20. Bb5 Bc5 21. h5 g5 22.
h6 Qe7 23. Rh5 Be8 24. Rh2 Rc8 25. Kb1 Bg6 26. Nc1 Nxe5 27. Nxe5 fxe5 28. Bd3
e4 29. Bb5 Bd6 30. Rg2 Be5 31. Nb3 Rc7 32. Ba6 Qb4 33. f3 Rcf7 34. Rgf2 e3 35.
Rg2 Qxb3 36. Bd3 Bxd3 37. cxd3 Qxa4 38. Rh1 Rxf3 39. Rgg1 Rf2 40. Qe1 Qc2+ 0-1

[Event "Ä15Ï"]
[Site "Loo"]
[Date "2017.04.23"]
[Round "4.8"]
[White "Ìîèñååâà, Îëåñÿ."]
[Black "Ìàêàðîâà, Àíàñòàñèÿ."]
[Result "1-0"]
[WhiteElo "1695"]
[BlackElo "1562"]
[PlyCount "75"]
[EventDate "2017.04.20"]

1. e4 c5 2. Nf3 e6 3. d4 cxd4 4. Nxd4 a6 5. g3 d6 6. Bg2 g6 7. Be3 Bg7 8. O-O
Ne7 9. Nc3 Nbc6 10. Qd2 O-O 11. Rad1 d5 12. exd5 exd5 13. Na4 Ne5 14. b3 Qd6
15. Ne2 Rd8 16. Bb6 Rd7 17. Bc5 Qc6 18. Nd4 Qc7 19. f4 b5 20. fxe5 bxa4 21. Bd6
Qb6 22. Qf2 f5 23. Bxe7 Bxe5 24. Bg5 axb3 25. Nxb3 Qc6 26. Qc5 Qxc5+ 27. Nxc5
Raa7 28. Bxd5+ Rxd5 29. Rxd5 Bc7 30. Re1 Kg7 31. Ne6+ Bxe6 32. Rxe6 Bb8 33. Rd8
Rb7 34. Ree8 Ba7+ 35. Kg2 Kf7 36. Rf8+ Ke6 37. Rf6+ Ke5 38. Rc6 1-0

[Event "Ä15Ï"]
[Site "Loo"]
[Date "2017.04.23"]
[Round "4.9"]
[White "Ñêîðîáîãàòîâà, Àíàñòàñèÿ."]
[Black "Ñåëåçíåâà, Åêàòåðèíà."]
[Result "0-1"]
[WhiteElo "1547"]
[BlackElo "1845"]
[PlyCount "60"]
[EventDate "2017.04.20"]

1. d4 Nf6 2. Nf3 e6 3. c4 c5 4. g3 d5 5. cxd5 Nxd5 6. Bg2 Nc6 7. O-O Be7 8.
dxc5 Bxc5 9. Qc2 Qe7 10. a3 Bb6 11. b4 Bd7 12. Nc3 Nxc3 13. Qxc3 O-O 14. Bb2 f6
15. Rfd1 Rfd8 16. Qb3 Be8 17. e4 Rac8 18. Bh3 Bf7 19. e5 f5 20. Rac1 Bh5 21.
Kg2 Kh8 22. Rxd8+ Rxd8 23. Kg1 Bxf3 24. Qxf3 Rd2 25. b5 Rxf2 26. Qh5 Rxb2+ 27.
Kh1 Rxb5 28. Rc4 Rb1+ 29. Kg2 Rg1+ 30. Kf3 Nxe5+ 0-1

[Event "Ä15Ï"]
[Site "Loo"]
[Date "2017.04.23"]
[Round "4.10"]
[White "Èâàíîâà, Àíàñòàñèÿ Ñ."]
[Black "ßêóøèíà, Åêàòåðèíà."]
[Result "0-1"]
[WhiteElo "1538"]
[BlackElo "1744"]
[PlyCount "102"]
[EventDate "2017.04.20"]

1. d4 Nf6 2. c4 c6 3. Nc3 d5 4. cxd5 cxd5 5. Bf4 Nc6 6. e3 Bf5 7. h3 e6 8. Qb3
Qb6 9. Qxb6 axb6 10. Nf3 Bb4 11. Nd2 Kd7 12. Be2 Rhc8 13. O-O Bxc3 14. bxc3 Ra3
15. c4 Rca8 16. g4 Bg6 17. g5 Ne4 18. cxd5 Nxd2 19. dxc6+ bxc6 20. Rfe1 Rxa2
21. Rxa2 Rxa2 22. f3 Ra3 23. Rd1 Nb1 24. Kf2 Nc3 25. Rd2 Nd5 26. Rb2 Nxf4 27.
exf4 b5 28. h4 Kd6 29. Rd2 Kd5 30. Rd1 b4 31. Rd2 b3 32. Bd1 Kc4 33. Ke2 Ra2
34. Ke3 Rxd2 35. Kxd2 b2 36. Bc2 b1=Q 37. Bxb1 Bxb1 38. Ke3 Bg6 39. Kf2 Kxd4
40. Kg3 c5 41. Kg4 c4 42. h5 Bxh5+ 43. Kxh5 c3 44. Kg4 c2 45. Kg3 c1=Q 46. Kg4
Qg1+ 47. Kh4 Qh2+ 48. Kg4 h5+ 49. gxh6 gxh6 50. f5 Ke5 51. fxe6 f5# 0-1

[Event "Ä15Ï"]
[Site "Loo"]
[Date "2017.04.23"]
[Round "4.11"]
[White "Ìîñêàëåâà, Àðèíà."]
[Black "Ãóðîâà, Íàòàëèÿ."]
[Result "1/2-1/2"]
[WhiteElo "1504"]
[BlackElo "1644"]
[PlyCount "80"]
[EventDate "2017.04.20"]

1. e4 e6 2. d4 d5 3. Nc3 Nf6 4. e5 Nfd7 5. f4 c5 6. Nf3 Nc6 7. Be3 cxd4 8. Nxd4
Bc5 9. Qd2 Nxd4 10. Bxd4 Bxd4 11. Qxd4 Qb6 12. O-O-O Qxd4 13. Rxd4 Ke7 14. Rd2
Nc5 15. g4 h5 16. g5 g6 17. Bg2 Bd7 18. Ne2 a5 19. Rhd1 Rhc8 20. Kb1 Rab8 21.
Bf3 b5 22. h4 b4 23. Ng3 a4 24. f5 exf5 25. Bxd5 Be6 26. Ne2 Bxd5 27. Rxd5 Rd8
28. Nf4 Ne6 29. Rxd8 Rxd8 30. Rxd8 Nxd8 31. Nd3 Nc6 32. b3 axb3 33. cxb3 Ke6
34. Kc2 Kd5 35. Kd2 Ke4 36. Ke2 Nd4+ 37. Kd2 Nc6 38. Ke2 Nd4+ 39. Kd2 Nc6 40.
Ke2 Nd4+ 1/2-1/2

[Event "Ä15Ï"]
[Site "Loo"]
[Date "2017.04.23"]
[Round "4.12"]
[White "Ëîñü, ßíà."]
[Black "Áåëîâà, Êñåíèÿ."]
[Result "1-0"]
[WhiteElo "1609"]
[BlackElo "1497"]
[PlyCount "121"]
[EventDate "2017.04.20"]

1. e4 e5 2. Nf3 Nc6 3. Bc4 f5 4. d4 fxe4 5. Nxe5 Nxe5 6. dxe5 d6 7. O-O Bf5 8.
Qd5 Ne7 9. Qf7+ Kd7 10. exd6 cxd6 11. Bg5 Qa5 12. Nc3 Qe5 13. Nd5 Bg6 14. Qf4
Qxf4 15. Nxf4 Bf5 16. Ne2 Nc6 17. Ng3 g6 18. Bf6 Bh6 19. Bxh8 Rxh8 20. Rae1 Re8
21. Bd5 e3 22. fxe3 Nb4 23. Nxf5 gxf5 24. Bb3 Bxe3+ 25. Kh1 f4 26. Ba4+ Nc6 27.
Rf3 a6 28. Bxc6+ bxc6 29. g3 Rg8 30. gxf4 Bc5 31. f5 d5 32. f6 Rf8 33. Re2 Bd4
34. c3 Bxf6 35. Re5 Kd6 36. Rh5 Rf7 37. Rfh3 d4 38. cxd4 Bxd4 39. Rd3 c5 40. b4
Kc6 41. bxc5 Bf2 42. Ra3 Rg7 43. h3 Kb7 44. Rf3 Bd4 45. Rf4 Be3 46. Rg4 Rc7 47.
Rc4 Kc6 48. a4 Rg7 49. Rhh4 Rg1+ 50. Kh2 Rg7 51. Rhg4 Rd7 52. Rge4 Bxc5 53. Re5
Rd5 54. Rxd5 Kxd5 55. Rh4 a5 56. Rxh7 Kc4 57. Kg2 Kb3 58. h4 Kxa4 59. Rb7 Bb4
60. h5 Kb3 61. h6 1-0

[Event "Ä15Ï"]
[Site "Loo"]
[Date "2017.04.23"]
[Round "4.13"]
[White "Èâàíàåâà, Àëèíà."]
[Black "Êîçûðåâà, Ìàðèíà."]
[Result "0-1"]
[WhiteElo "1379"]
[BlackElo "1598"]
[PlyCount "80"]
[EventDate "2017.04.20"]

1. e4 c6 2. d4 d5 3. Nc3 dxe4 4. Nxe4 g6 5. Bc4 Nf6 6. Nxf6+ exf6 7. Nf3 Bg7 8.
O-O O-O 9. Re1 Re8 10. Rxe8+ Qxe8 11. Be3 Be6 12. Qd3 Bxc4 13. Qxc4 Qe6 14. Qb4
b6 15. b3 Na6 16. Qc4 b5 17. Qxe6 fxe6 18. Rc1 Bf8 19. c4 b4 20. Rd1 Rd8 21.
Kf1 g5 22. Bxg5 fxg5 23. Nxg5 Rd6 24. Ne4 Rd8 25. Ng5 Nc7 26. Re1 Rxd4 27. Nxe6
Nxe6 28. Rxe6 Rd2 29. Re2 Rd1+ 30. Re1 Rxe1+ 31. Kxe1 Kf7 32. Ke2 Kf6 33. f4
Kf5 34. Kf3 h5 35. h3 h4 36. Ke3 c5 37. Kf3 Bd6 38. g4+ hxg3 39. Kxg3 Bxf4+ 40.
Kf3 Ke5 0-1

[Event "Ä15Ï"]
[Site "Loo"]
[Date "2017.04.23"]
[Round "4.14"]
[White "Òëåöåðè, Äæóëüåòòà."]
[Black "Êàñàòêèíà, Ìàðèÿ."]
[Result "1-0"]
[WhiteElo "1575"]
[BlackElo "1258"]
[PlyCount "67"]
[EventDate "2017.04.20"]

1. e4 e5 2. Nf3 Nc6 3. d3 Nf6 4. Be2 Bc5 5. O-O d6 6. h3 Be6 7. c3 Bb6 8. Qc2
O-O 9. b4 d5 10. b5 dxe4 11. dxe4 Nb8 12. Nxe5 Nbd7 13. Nf3 Nc5 14. Nbd2 h6 15.
Bb2 Qd7 16. Nd4 Rfe8 17. Bf3 Qc8 18. Rfe1 Ncd7 19. e5 Nd5 20. Nxe6 fxe6 21. c4
Nf4 22. Qe4 Rf8 23. Nb3 Nc5 24. Nxc5 Bxc5 25. Bc1 g5 26. Bxf4 Rxf4 27. Qg6+ Kf8
28. Qxh6+ Ke8 29. Bh5+ Kd7 30. Red1+ Rd4 31. Qg7+ Kd8 32. Qf6+ Kd7 33. Qf7+ Kd8
34. Qe8# 1-0

[Event "Ä15Ï"]
[Site "Loo"]
[Date "2017.04.23"]
[Round "4.15"]
[White "Àíäðååâà, Àíàñòàñèÿ."]
[Black "Èâàíîâà, Ìàðèÿ."]
[Result "1/2-1/2"]
[WhiteElo "1565"]
[BlackElo "1328"]
[PlyCount "120"]
[EventDate "2017.04.20"]

1. d4 d5 2. c4 e6 3. Nc3 Nf6 4. Bg5 Be7 5. Nf3 c6 6. e3 Nbd7 7. cxd5 exd5 8.
Bd3 O-O 9. O-O Nh5 10. Bxe7 Qxe7 11. Qc2 g6 12. Rab1 Nb6 13. b4 Ng7 14. a4 a6
15. b5 axb5 16. axb5 Bf5 17. Bxf5 Nc4 18. Bd3 Na3 19. Qd2 Nxb1 20. Rxb1 Ra3 21.
bxc6 bxc6 22. g3 Rfa8 23. Kg2 Qc7 24. Qc2 Qa5 25. Rb3 Ne6 26. Ne5 Rxb3 27. Qxb3
Qc7 28. Qc2 Ra5 29. Qb2 Kg7 30. Qc2 Qd6 31. Nf3 Qb4 32. Ne5 Qd6 33. Qb2 Qc7 34.
Ne2 Ra4 35. Nc1 Qd6 36. Qb6 Nd8 37. Bb5 Rb4 38. Nxc6 Qxc6 39. Qxc6 Nxc6 40.
Bxc6 Rc4 41. Bxd5 Rxc1 42. Kf3 f5 43. h4 Kf6 44. Bb7 Rc7 45. Ba6 Rc6 46. Bf1
Rc2 47. Kg2 Rd2 48. Ba6 Ra2 49. Bb7 Rb2 50. Bf3 Rd2 51. g4 f4 52. exf4 Rxd4 53.
Kg3 Rd3 54. Kg2 Rd4 55. Be2 Rxf4 56. f3 Rb4 57. Bd3 h6 58. Be4 g5 59. Kg3 Rb3
60. h5 Rb2 1/2-1/2

[Event "Ä15Ï"]
[Site "Loo"]
[Date "2017.04.23"]
[Round "4.16"]
[White "Êðåíäÿñåâà, Âàëåðèÿ."]
[Black "Øóìàêîâà, Ñâåòëàíà."]
[Result "1/2-1/2"]
[WhiteElo "1670"]
[BlackElo "1494"]
[PlyCount "82"]
[EventDate "2017.04.20"]

1. e4 c5 2. c3 d5 3. exd5 Qxd5 4. d4 e6 5. Nf3 Nf6 6. Na3 cxd4 7. Nb5 Na6 8.
Nbxd4 Nc7 9. Bd3 e5 10. Qe2 Bd6 11. Bc4 Qe4 12. Qxe4 Nxe4 13. Nb5 Nxb5 14.
Bxb5+ Bd7 15. Bxd7+ Kxd7 16. Be3 b6 17. O-O-O Kc6 18. Rhe1 f5 19. Re2 Rhf8 20.
Nd2 Nxd2 21. Rexd2 Rad8 22. Bg5 Rd7 23. f3 Rff7 24. Kc2 h6 25. Be3 g5 26. h3
Bf8 27. Rxd7 Rxd7 28. Rxd7 Kxd7 29. Kd3 Kc6 30. Bf2 Kd5 31. c4+ Ke6 32. b3 Bd6
33. Be1 Bc5 34. Bd2 Bf2 35. Be3 Bxe3 36. Kxe3 Kd6 37. g4 f4+ 38. Ke4 a6 39. b4
a5 40. a3 a4 41. Kd3 Ke6 1/2-1/2

[Event "Ä15Ï"]
[Site "Loo"]
[Date "2017.04.23"]
[Round "4.17"]
[White "Òóêàåâà, Àèäà."]
[Black "Àáðàìîâà, Ìàðèÿ."]
[Result "1-0"]
[WhiteElo "1852"]
[BlackElo "1479"]
[PlyCount "159"]
[EventDate "2017.04.20"]

1. e4 c5 2. Nf3 d6 3. Bb5+ Bd7 4. Bxd7+ Qxd7 5. O-O Nf6 6. Qe2 a6 7. c3 e6 8.
d4 cxd4 9. cxd4 d5 10. e5 Ne4 11. Nbd2 Nxd2 12. Bxd2 Be7 13. Rac1 O-O 14. Bc3
Nc6 15. a3 b5 16. Nd2 Rfb8 17. Nb3 a5 18. Rc2 b4 19. axb4 Bxb4 20. Rfc1 a4 21.
Bxb4 axb3 22. Rxc6 Rxb4 23. Qa6 Rbb8 24. Qd3 Rc8 25. R6c3 Rxc3 26. Qxc3 Qb7 27.
f4 h6 28. Kf2 Qb6 29. Ke3 Ra4 30. Qd3 g6 31. Rc3 Rb4 32. Rc8+ Kg7 33. Qc3 Ra4
34. Rc5 Ra1 35. Qd3 Ra2 36. Rb5 Qc6 37. Rc5 Qa4 38. Qc3 Ra1 39. Kf2 Qa2 40. Rb5
Qb1 41. Rxb3 Qg1+ 42. Kg3 Rd1 43. Qe3 Qxe3+ 44. Rxe3 Rxd4 45. Rb3 Rc4 46. Kf3
Kf8 47. Rb7 Ke8 48. b4 Rc8 49. b5 Rd8 50. Rb6 Rd7 51. Rc6 Rb7 52. Rc5 Kd7 53.
Ke3 Rc7 54. Kd4 Ra7 55. Ke3 Ra3+ 56. Kd4 Rb3 57. g4 Kd8 58. f5 gxf5 59. gxf5
Kd7 60. fxe6+ fxe6 61. h3 Rxh3 62. b6 Rh4+ 63. Kd3 Rb4 64. Rc7+ Ke8 65. b7 Kd8
66. Rc8+ Kd7 67. b8=Q Rxb8 68. Rxb8 h5 69. Rh8 Kc6 70. Kd4 h4 71. Rxh4 Kb7 72.
Rh6 Ka8 73. Rxe6 Kb8 74. Kxd5 Ka8 75. Rb6 Ka7 76. Kc5 Ka8 77. e6 Ka7 78. e7 Ka8
79. e8=Q+ Ka7 80. Qb8# 1-0

[Event "Ä15Ï"]
[Site "Loo"]
[Date "2017.04.23"]
[Round "4.18"]
[White "Òåðåùåíêî, Äàðüÿ."]
[Black "Ëàðèíà, Òàòüÿíà."]
[Result "0-1"]
[WhiteElo "1437"]
[BlackElo "1738"]
[PlyCount "160"]
[EventDate "2017.04.20"]

1. d4 Nf6 2. c4 c5 3. e3 g6 4. Nf3 Bg7 5. Nc3 O-O 6. Be2 d6 7. O-O b6 8. dxc5
bxc5 9. Qc2 Nc6 10. Nd2 Bf5 11. e4 Nd4 12. Qd1 Bc8 13. Nf3 Bb7 14. Bd3 Nxf3+
15. Qxf3 Nd7 16. Be2 f5 17. Qe3 Bd4 18. Qd3 Ne5 19. Qc2 f4 20. Nd5 Bxd5 21.
exd5 f3 22. gxf3 Nxf3+ 23. Bxf3 Rxf3 24. Qe2 Rf7 25. Be3 Bg7 26. Rae1 Qd7 27.
b3 Qf5 28. Bd2 Raf8 29. Rc1 Bd4 30. Be3 Qe4 31. Rce1 Bf6 32. Bh6 Qxe2 33. Rxe2
Rb8 34. Bc1 a5 35. Bb2 Bxb2 36. Rxb2 a4 37. Rfb1 axb3 38. axb3 Rf3 39. Kg2 Rc3
40. Kg1 Kf7 41. Kg2 Rb7 42. Kg1 g5 43. Kg2 h5 44. Kg1 Kf6 45. Kg2 Kf5 46. Kh1
h4 47. Kg2 Kg4 48. Kg1 Kh3 49. Kh1 Rb8 50. Kg1 g4 51. Kh1 g3 52. fxg3 hxg3 53.
hxg3 Kxg3 54. Kg1 Rb7 55. Rg2+ Kf4 56. Rgb2 Ke4 57. Kf1 Kd4 58. Ke1 Rd3 59. Ke2
Kc3 60. Ke1 Rh3 61. Rf2 Rh1+ 62. Rf1 Rxf1+ 63. Kxf1 Rxb3 64. Re1 Rb7 65. Re4
Kd3 66. Rg4 Rb4 67. Rg7 Kxc4 68. Rxe7 Kxd5 69. Re2 Re4 70. Rd2+ Rd4 71. Re2
Rf4+ 72. Kg2 c4 73. Kg3 Rf8 74. Rc2 Kc5 75. Rc1 d5 76. Rd1 c3 77. Kg2 d4 78.
Ra1 c2 79. Ra5+ Kb4 80. Rd5 c1=Q 0-1

[Event "Ä15Ï"]
[Site "Loo"]
[Date "2017.04.23"]
[Round "4.19"]
[White "Êîíîíîâà, Àíàñòàñèÿ."]
[Black "Ãèáàäóëëèíà, Ðàÿíà."]
[Result "0-1"]
[WhiteElo "1446"]
[BlackElo "1706"]
[PlyCount "74"]
[EventDate "2017.04.20"]

1. c4 c5 2. g3 e6 3. Bg2 Nf6 4. e3 Be7 5. Ne2 d6 6. Nbc3 Nbd7 7. O-O O-O 8. d3
a6 9. Bd2 Rb8 10. d4 b5 11. dxc5 Nxc5 12. cxb5 axb5 13. Nd4 Bd7 14. b4 Na6 15.
Nc6 Bxc6 16. Bxc6 Nxb4 17. Bxb5 Nbd5 18. Qe2 Nxc3 19. Bxc3 Ne4 20. Bb4 Qb6 21.
a4 Qb7 22. Rac1 Ng5 23. f3 e5 24. Rc6 d5 25. Bxe7 Qxe7 26. Rfc1 e4 27. fxe4
Qxe4 28. h4 Nf3+ 29. Kf2 Ne5 30. Rd6 Rxb5 31. axb5 Nd3+ 32. Kg1 Nxc1 33. Qg2
Qxe3+ 34. Qf2 Ne2+ 35. Kg2 Qxf2+ 36. Kxf2 Nc3 37. b6 Ne4+ 0-1

[Event "Ä15Ï"]
[Site "Loo"]
[Date "2017.04.23"]
[Round "4.20"]
[White "Øàðèêîâà, Àðèíà."]
[Black "Ñóðêîâà, Åêàòåðèíà."]
[Result "0-1"]
[WhiteElo "1560"]
[BlackElo "1428"]
[PlyCount "72"]
[EventDate "2017.04.20"]

1. e4 c5 2. Nf3 e6 3. d4 cxd4 4. Nxd4 Nf6 5. e5 Qa5+ 6. Nc3 Qxe5+ 7. Be3 a6 8.
a3 Nc6 9. Be2 d5 10. O-O Bd6 11. Nf3 Qh5 12. h3 Ne5 13. Ng5 Qg6 14. f4 Nc6 15.
Bd3 Qh6 16. Be2 d4 17. Bxd4 Bxf4 18. Bxf6 Be3+ 19. Kh1 gxf6 20. Nge4 f5 21.
Nd6+ Ke7 22. Nc4 Rd8 23. Qe1 Bd4 24. Bd3 b5 25. Nd2 Ne5 26. Nf3 Bb7 27. Be2 Rg8
28. Nd1 Ng4 29. Qb4+ Ke8 30. Qxd4 Rd8 31. Qb6 Rd7 32. Nc3 Ne3 33. Rg1 Nxg2 34.
h4 Bxf3 35. Qf2 Nxh4+ 36. Kh2 Ng2+ 0-1

[Event "Ä15Ï"]
[Site "Loo"]
[Date "2017.04.23"]
[Round "4.21"]
[White "Ìîèñååâà, Ïîëèíà."]
[Black "Ìàðêîâà, Àííà."]
[Result "1/2-1/2"]
[WhiteElo "1425"]
[BlackElo "1553"]
[PlyCount "108"]
[EventDate "2017.04.20"]

1. e4 c6 2. d4 d5 3. exd5 cxd5 4. Bd3 Nc6 5. c3 Nf6 6. Bf4 e6 7. Nf3 Bd6 8.
Bxd6 Qxd6 9. O-O O-O 10. Nbd2 Bd7 11. Re1 Rac8 12. Ne5 Qe7 13. Ndf3 a6 14. a4
Na7 15. Qd2 b5 16. axb5 Bxb5 17. Bc2 Nc6 18. Qf4 h6 19. Qg3 Nd7 20. Re3 Ndxe5
21. Nxe5 Nxd4 22. cxd4 Rxc2 23. b3 Qb4 24. Qf4 Rc3 25. Rae1 Rxb3 26. h3 Rxe3
27. Rxe3 Qb1+ 28. Kh2 Qf5 29. Qxf5 exf5 30. Nf3 Re8 31. Rc3 Re2 32. Kg1 f6 33.
Rc5 Bc4 34. Nh4 f4 35. Nf5 Re1+ 36. Kh2 Bd3 37. Rxd5 Bxf5 38. Rxf5 Re4 39. Ra5
Re6 40. d5 Rb6 41. Ra4 g5 42. Rc4 Kf8 43. Rc7 Rd6 44. Rc5 Ke7 45. h4 f5 46. g3
fxg3+ 47. Kxg3 Rb6 48. hxg5 hxg5 49. d6+ Kxd6 50. Rxf5 Rb5 51. Rf6+ Ke5 52.
Rxa6 Kf5 53. Ra8 Rb3+ 54. f3 Rb4 1/2-1/2